My new team / (Record no. 2765)

MARC details
000 -LEADER
fixed length control field 02183cam a22003737i 4500
005 - DATE AND TIME OF LATEST TRANSACTION
control field 20240112145035.0
020 ## - INTERNATIONAL STANDARD BOOK NUMBER
International Standard Book Number 9780545674904
Qualifying information paperback
020 ## - INTERNATIONAL STANDARD BOOK NUMBER
International Standard Book Number 0545674905
Qualifying information paperback
020 ## - INTERNATIONAL STANDARD BOOK NUMBER
International Standard Book Number 9780545674911 (hbk.)
020 ## - INTERNATIONAL STANDARD BOOK NUMBER
International Standard Book Number 0545674913 (hbk.)
040 ## - CATALOGING SOURCE
Original cataloging agency BKL
Language of cataloging eng
Transcribing agency BKL
Description conventions rda
Modifying agency BKL
-- NYP
-- YDXCP
-- BTCTA
-- BDX
-- FOLLT
-- NYP
-- CGP
-- T7L
-- OJ4
-- EHH
-- DLC
050 00 - LIBRARY OF CONGRESS CALL NUMBER
Classification number PZ7.1.H688
Item number My 2015
082 04 - DEWEY DECIMAL CLASSIFICATION NUMBER
Classification number 575
Edition number 23
100 1# - MAIN ENTRY--PERSONAL NAME
Personal name Howard, Ryan
Dates associated with a name 1979-
245 10 - TITLE STATEMENT
Title My new team /
Statement of responsibility, etc. by Ryan Howard and Krystle Howard
250 ## - EDITION STATEMENT
Edition statement First printing, February 2015
260 ## - PUBLICATION, DISTRIBUTION, ETC.
Place of publication, distribution, etc. New York :
Name of publisher, distributor, etc. Scholastic,
Date of publication, distribution, etc. 2015
300 ## - PHYSICAL DESCRIPTION
Extent 96 pages :
Other physical details illustrations ;
Dimensions 22 cm
490 1# - SERIES STATEMENT
Series statement Little Rhino ;
Volume/sequential designation Book 1
500 ## - GENERAL NOTE
General note Contains sneak peek of the next Little Rhino series.
505 ## - FORMATTED CONTENTS NOTE
Formatted contents note J
520 ## - SUMMARY, ETC.
Summary, etc. A new chapter book series from Major League Baseball's 2006 National League MVP, Ryan Howard! Every day when Little Rhino comes home from school, he finishes his homework, grabs his bat, his glove, and runs outside to meet Grandpa James. They always practice catching and hitting in the backyard. Playing baseball with grandfather is Little Rhino's favorite thing to do, especially when he pretends to be a real Major League homerun hitter. One afternoon, after a long day of second grade, Little Rhino comes home to find out that Grandpa James has signed him up for a baseball league! Little Rhino will finally be a part of a team! But Little Rhino will quickly learn that is not always so easy to a good teammate, especially when there's a bully wearing the same uniform as you. From Major League Baseball superstar Ryan Howard and his wife, Krystle Howard, a former elementary school teacher, this exciting new series is a fun read for sports and book fans alike!
521 ## - TARGET AUDIENCE NOTE
Target audience note 480
Source Lexile
521 ## - TARGET AUDIENCE NOTE
Target audience note J
Source Raz-Plus
650 #0 - SUBJECT ADDED ENTRY--TOPICAL TERM
Topical term or geographic name entry element Little League baseball
Form subdivision Juvenile fiction.
650 #0 - SUBJECT ADDED ENTRY--TOPICAL TERM
Topical term or geographic name entry element Bullies
Form subdivision Juvenile fiction.
650 #0 - SUBJECT ADDED ENTRY--TOPICAL TERM
Topical term or geographic name entry element School children
Form subdivision Juvenile fiction.
650 #0 - SUBJECT ADDED ENTRY--TOPICAL TERM
Topical term or geographic name entry element Grandfathers
Form subdivision Juvenile fiction.
655 #0 - INDEX TERM--GENRE/FORM
Genre/form data or focus term Baseball stories.
700 1# - ADDED ENTRY--PERSONAL NAME
Personal name Howard, Krystle
Relator term Coauthor
906 ## - LOCAL DATA ELEMENT F, LDF (RLIN)
a 7
b cbc
c copycat
d 2
e ncip
f 20
g y-gencatlg
942 ## - ADDED ENTRY ELEMENTS (KOHA)
Source of classification or shelving scheme Dewey Decimal Classification
Koha item type Books
Suppress in OPAC No
999 ## -
-- 2765
-- 2765
Holdings
Withdrawn status Lost status Source of classification or shelving scheme Damaged status Not for loan Collection Home library Current library Shelving location Date acquired Total Checkouts Full call number Barcode Date last seen Date last checked out Price effective from Koha item type
    Dewey Decimal Classification     Juvenile Fiction Footprints International School Library Network Toul Kork Campus Footprints International School Library Network Toul Kork Campus   01/12/2024 3 HOW 575 PZ7.1.H688 FISBK05238 03/25/2024 03/18/2024 01/12/2024 Books